| 000 | 00381nam a2200145 a 4500 | ||
|---|---|---|---|
| 001 | 2962 | ||
| 003 | CDMR | ||
| 005 | 20130116135237.0 | ||
| 008 | 130130s1974||||||||||||||||||||||||||||d | ||
| 040 |
_aCDMR _bcat _cCDMR |
||
| 100 | 1 |
_aGarcĂa Gaya, Santiago _92181 |
|
| 245 | 1 | 0 |
_aNoticias sobre el hundimiento del "Baleares" _cSantiago Garcia Gaya |
| 260 |
_aBarcelona _c1974 |
||
| 942 | _cTSN | ||
| 999 |
_c2962 _d2962 |
||